The nature of Mediterranean Europe : an ecological history

Αποθηκεύτηκε σε:
Λεπτομέρειες βιβλιογραφικής εγγραφής
Κύριος συγγραφέας: Grove, A. T (Alfred Thomas)
Άλλοι συγγραφείς: Rackham, Oliver
Μορφή: Βιβλίο
Γλώσσα:English
Δημοσίευση: New Haven; London : Yale University Press, 2001,
Θέματα:
Ετικέτες: Προσθήκη ετικέτας
Δεν υπάρχουν, Καταχωρήστε ετικέτα πρώτοι!

MARC

LEADER 00000nam a2200000 i 4500
001 1/75954
008 050509s2001 eng d
020 |a 0-300-10055-8 
035 |l 10077846 
040 |a GR-MY-UA  |b gre  |e aacr 
041 0 |a eng 
082 0 |a 577.46094  |2 (21) 
100 1 |a Grove, A. T  |q (Alfred Thomas) 
245 1 4 |a The nature of Mediterranean Europe :  |b an ecological history /  |c A. T. Grove, Oliver Rackham 
260 |a New Haven; London :   |b Yale University Press,   |b 2001,  
300 |a 385 σ.;  |b εγχρ. εικ.;  |c 29 εκ. 
504 |a Περιέχει βιβλιογραφία και ευρετήριο 
650 0 0 |a Ecology  |z Europe, Southern. 
650 0 0 |a Ecology  |z Europe, Southern  |x History. 
700 1 |a Rackham, Oliver. 
852 |a INST  |b LESVOS  |e 20050509  |h 577.46094 GRO  |p 005100027777  |q 005100027777  |t BK  |y 4  |x 20191127 
901 |a BIBL1-2005-1 
909 |a Λ  |b 116453 
922 |a 1ΕΛΗ  |b 200505  |c ΕΠΕΑΕΚ2/ΤΓ  |d ΜΙΧΑΛΟΠΟΥΛΟΣ 
950 |a 118-2004-10-09 
970 |a ΚΑΡΑ  |b ΓΙΑΣΕΜΗ  |z 2005/05/10